Statistics for Digits of Famous Irrational Numbers

Click here to take the quiz!

General Stats

  • This quiz has been taken 49 times
  • The average score is 25 of 40

Answer Stats

HintAnswer% Correct
pi1
100%
pi1
100%
pi3
100%
pi4
100%
pi5
100%
pi9
96%
pi2
88%
pi5
85%
pi6
85%
phi1
81%
pi3
81%
phi6
77%
√21
73%
e1
69%
phi1
69%
e2
69%
√24
69%
√21
65%
e7
65%
e8
65%
e2
62%
√24
58%
phi8
58%
e1
54%
e2
54%
e8
50%
e8
50%
phi0
46%
√22
46%
phi3
46%
phi3
46%
e8
46%
√21
35%
phi9
35%
√23
27%
phi8
27%
phi8
27%
√22
19%
√25
19%
√26
19%

Score Distribution

Percentile by Number Answered

Percent of People with Each Score

Your Score History

You have not taken this quiz